Movie Pictures Starting with R - Statistics

General Stats
  • This quiz has been taken 78 times
  • The average score is 8 of 24
Answer Stats
Picture Answer % Correct
Robocop
83%
Rocky
83%
The Ring
72%
Rain Man
63%
Rocketman
57%
Rush Hour
57%
The Rocky Horror Picture Show
57%
Robin Hood Prince of Thieves
47%
Ready Player One
42%
Real Steel
25%
Ready or Not
24%
Red Notice
24%
Renfield
22%
Ride Along
19%
Race to Witch Mountain
14%
Radio
13%
Red One
13%
The Ridiculous Six
13%
Raising Helen
7%
Ricky Stanicky
7%
The Ringer
6%
Rebel Ridge
3%
Rim of the World
3%
The Ron Clark Story
1%
No matching quizzes found
Score Distribution
Percent of People with Each Score
Percentile by Number Answered
Your Score History
You have not taken this quiz